| 000 | 00540nam a2200205 a 4500 | ||
|---|---|---|---|
| 005 | 20140310183343.0 | ||
| 008 | 070110s19uu xx 00 eng d | ||
| 020 | _a1856694518 | ||
| 050 |
_aN 5300 _b.H68 2005 |
||
| 100 | _aHonour, Hugh | ||
| 245 |
_aA world history of Art / _cHugh Honour |
||
| 250 | _a7th ed. | ||
| 260 |
_aLondon : _bLaurence King Publishing, _c2005. |
||
| 300 |
_a936 p. : _bcol. ill. ; _c30 cm. |
||
| 521 | _aMA | ||
| 650 |
_aArt _xHistory. |
||
| 700 | _aFleming, John | ||
| 942 |
_cBK _2lcc _kFOR |
||
| 999 |
_c21877 _d21877 |
||